000 00313nam a22001337a 4500
999 _c8034
_d8034
003 OSt
005 20200619161538.0
008 200619b ||||| |||| 00| 0 eng d
020 _a9789881296856
082 _a720
245 _a2013 competitions annual
260 _aUK
_bDesign Media Publishing
_c2014
942 _2ddc